000 00469nam a2200133Ia 4500
008 260210s9999 xx 000 0 und d
024 _a07B-018-TE, 07B-029-TE08, B-026-TE & 08B-0135-TE
082 _a621.3845072 OSM
100 _aAbas osman, Ahmed Dahir, Osama Ahmed & Yasir Mohmad
245 0 _aLTE-Link Level Simulation with MAT LAB
260 _aKarachi:
_bUITU,
_c2008
600 _aTelecommunication Engineering
650 _aBachelor of Engineering (BE)
999 _c33585
_d33585